00293nam a2200121Ia 4500008004100000040001700041041001200058082001600070100002500086245001100111260003800122300001100160230917s9999||||xx |||||||||||||| ||und|| e196591aMAIN aEnglish a822.33 S15H aShakespeare, William 0aHamlet aLondonbWordsworth classicsc1992 a191 p.